000
00314 a2200145 4500
001
195368
040
_c
Magnum
100
_a
Mashima, Hiro
240
1
0
_a
Fairy Tail 7
_l
245
1
0
_a
Fairy Tail 7
362
0
_a
2011
440
1
_a
J.B. Communication do Brasil Ltda
697
_a
LITERATURA JUVENIL
942
_c
BK
999
_c
195368
_d
195368